El joven Lukacs /

Bibliographic Details
Main Author: Piana, Giovanni
Other Authors: Macció, Marco, Daghini, Giairo, Luckács, Georg
Format: Libro
Language:English
Published: Buenos Aires Pasado y Presente 1970
Edition:1a.ed.
Series:Cuadernos de pasado y presente 16
Subjects:

MARC

LEADER 00000cam a2200000 a 4500
001 010009
003 UAHC_CL
005 20170803120634.0
008 010822b xx j 000 1 eng
040 |a UAHC_CL  |c UAHC_CL  |d UAHC_CL 
082 0 4 |a 335.4 J62 
100 1 |a Piana, Giovanni 
245 1 3 |a El joven Lukacs /  |c Georg Lukacs , Giovanni Piana. 
250 |a 1a.ed. 
260 |b Pasado y Presente  |c 1970  |a Buenos Aires 
300 |a 142 p. 
490 0 |a Cuadernos de pasado y presente  |v 16 
650 4 |a LUCKACS, GREGORY, 1885-1971  |x CRITICA 
650 4 |a LEY DE PRESUPUESTOS  |x SECTOR PUBLICO 
700 1 |a Macció, Marco 
700 1 |a Daghini, Giairo 
700 1 |a Luckács, Georg 
900 |a 335.4 JOV 
942 |c BK 
952 |0 0  |1 0  |4 0  |6 335_400000000000000_JOV  |7 0  |8 General  |9 20835  |a BC  |b BC  |c General  |d 2017-08-03  |l 0  |o 335.4 JOV  |p 1305030  |r 2026-01-13 00:00:00  |t 1  |w 2017-08-03  |y BK 
999 |c 10009  |d 10009